[Event "Cheliabinsk Spassky 75 op"]
[Site "Cheliabinsk"]
[Date "2012.02.04"]
[Round "4"]
[White "Gerasimov, Nikolai"]
[Black "Lukin, Vasily"]
[Result "0-1"]
[WhiteElo "1603"]
[BlackElo "1725"]
[PlyCount "56"]
[EventDate "2012.01.29"]
[EventType "swiss"]
[EventRounds "9"]
[EventCountry "RUS"]
[SourceTitle "EXT 2014"]
[Source "ChessBase"]
[SourceDate "2013.11.20"]
[SourceVersion "1"]
[SourceVersionDate "2013.11.20"]
[SourceQuality "1"]

1. e4 c5 2. Nf3 d6 3. d4 cxd4 4. Nxd4 Nf6 5. Nc3 a6 6. Bd3 Nc6 7. Nxc6 bxc6 8. Bg5 e6 9. Qf3 Be7 10. e5 Nd5 11. Bxe7 Nxe7 12. exd6 Qxd6 13. 0-0 0-0 14. Rad1 Qc7 15. Qh3 Ng6 16. Bxg6 hxg6 17. Ne4 Qe7 18. Qd3 Ra7 19. Rfe1 Rd7 20. Qc3 Rfd8 21. Rxd7 Qxd7 22. h3 Qd5 23. b3 f6 24. Ng3 Qd2 25. Re3 Qxc3 26. Rxc3 Bb7 27. Kf1 f5 28. Ne2 Rd1# 0-1

[Event "Cheliabinsk Spassky 75 op"]
[Site "Cheliabinsk"]
[Date "2012.02.02"]
[Round "3"]
[White "Lipatkin, Mikhail"]
[Black "Gerasimov, Nikolai"]
[Result "1-0"]
[WhiteElo "1852"]
[BlackElo "1603"]
[PlyCount "47"]
[EventDate "2012.01.29"]
[EventType "swiss"]
[EventRounds "9"]
[EventCountry "RUS"]
[SourceTitle "EXT 2014"]
[Source "ChessBase"]
[SourceDate "2013.11.20"]
[SourceVersion "1"]
[SourceVersionDate "2013.11.20"]
[SourceQuality "1"]

1. Nf3 e6 2. c4 Nf6 3. b3 Nc6 4. Bb2 d5 5. d4 Bb4+ 6. Bc3 Bxc3+ 7. Nxc3 0-0 8. e3 a6 9. Bd3 Ne7 10. Ne5 Ng6 11. Qc2 Nd7 12. Nxg6 fxg6 13. cxd5 Qg5 14. f4 Qh4+ 15. g3 Qe7 16. dxe6 Nb6 17. d5 Kh8 18. 0-0 c6 19. e4 Qc5+ 20. Kg2 cxd5 21. Nxd5 Qd6 22. Nxb6 Qxb6 23. f5 gxf5 24. exf5 1-0

[Event "Cheliabinsk Spassky 75 op"]
[Site "Cheliabinsk"]
[Date "2012.01.31"]
[Round "2"]
[White "Gerasimov, Nikolai"]
[Black "Ramzaitsev, Nikolai"]
[Result "1-0"]
[WhiteElo "1603"]
[BlackElo "1701"]
[PlyCount "91"]
[EventDate "2012.01.29"]
[EventType "swiss"]
[EventRounds "9"]
[EventCountry "RUS"]
[SourceTitle "EXT 2014"]
[Source "ChessBase"]
[SourceDate "2013.11.20"]
[SourceVersion "1"]
[SourceVersionDate "2013.11.20"]
[SourceQuality "1"]

1. e4 c5 2. Nf3 d6 3. d4 cxd4 4. Nxd4 Nf6 5. Nc3 a6 6. Bg5 e6 7. Bd3 Be7 8. 0-0 0-0 9. a4 Nbd7 10. Nf3 Qc7 11. Re1 b6 12. Qe2 Bb7 13. Bf4 e5 14. Bd2 Rac8 15. h3 Nc5 16. b4 Nxd3 17. cxd3 h6 18. Nh4 Rfe8 19. Nf5 Bf8 20. Rac1 Qd8 21. b5 a5 22. g4 Nd7 23. Ne3 g6 24. Ned5 Nc5 25. Rb1 Ne6 26. Be3 Nc5 27. Qd2 Kh7 28. d4 exd4 29. Bxd4 Bg7 30. Bxg7 Kxg7 31. Qd4+ f6 32. f3 Kf7 33. Qe3 Kg7 34. Red1 g5 35. Qd4 Kg6 36. Ne3 Ne6 37. Qd2 Nf4 38. Kh2 Qc7 39. Ncd5 Nxd5 40. Nxd5 Bxd5 41. Qxd5 Qc2+ 42. Kg3 Qe2 43. Qf5+ Kg7 44. Rxd6 Rf8 45. Rd7+ Rf7 46. Rxf7+ 1-0

[Event "Cheliabinsk Kibizov Memorial 6th"]
[Site "Cheliabinsk"]
[Date "2011.06.25"]
[Round "2"]
[White "Gerasimov, Nikolai"]
[Black "Gromak, Ivan"]
[Result "0-1"]
[WhiteElo "1617"]
[BlackElo "1815"]
[PlyCount "72"]
[EventDate "2011.06.24"]
[EventType "swiss"]
[EventRounds "9"]
[EventCountry "RUS"]
[SourceTitle "EXT 2022"]
[Source "ChessBase"]
[SourceDate "2021.10.06"]
[SourceVersion "1"]
[SourceVersionDate "2021.10.06"]
[SourceQuality "1"]

1. e4 c5 2. Nf3 e6 3. d4 cxd4 4. Nxd4 a6 5. Nc3 Nc6 6. Be3 Qc7 7. Qd2 Nf6 8. Be2 Bb4 9. a3 Nxe4 10. Qd3 Bxc3+ 11. bxc3 Ne5 12. Qd1 Qxc3+ 13. Kf1 0-0 14. Nf3 Nc6 15. Bd3 d5 16. h4 f5 17. Bd2 Nxd2+ 18. Nxd2 e5 19. h5 e4 20. Be2 Be6 21. h6 g6 22. Rb1 b5 23. Rb3 Qf6 24. Kg1 Rac8 25. Rb1 Nd4 26. Bf1 Nxc2 27. a4 d4 28. axb5 axb5 29. Rxb5 d3 30. Rb7 Rf7 31. Rb6 Qe5 32. Qb1 e3 33. Nf3 exf2+ 34. Kxf2 Qe3+ 35. Kg3 f4+ 36. Kh2 Rf5 0-1

[Event "Berdsk Maestro op 16th"]
[Site "Berdsk"]
[Date "2010.07.13"]
[Round "6"]
[White "Piter, Sergei"]
[Black "Gerasimov, Nikolai"]
[Result "0-1"]
[WhiteElo "2093"]
[BlackElo "1877"]
[PlyCount "80"]
[EventDate "2010.07.08"]
[EventType "swiss"]
[EventRounds "9"]
[EventCountry "RUS"]
[SourceTitle "EXT 2011"]
[Source "ChessBase"]
[SourceDate "2010.11.26"]
[SourceVersion "1"]
[SourceVersionDate "2010.11.26"]
[SourceQuality "1"]

1. e4 c5 2. c3 g6 3. d4 cxd4 4. cxd4 Bg7 5. Nf3 d6 6. Bc4 Nf6 7. Nc3 0-0 8. 0-0 Nc6 9. d5 Nb8 10. Qe2 Nbd7 11. Bf4 Nb6 12. Bb3 Bg4 13. Rac1 Rc8 14. Rfd1 Nfd7 15. h3 Bxf3 16. Qxf3 Ne5 17. Qe2 a6 18. Bg3 Nec4 19. f4 Na5 20. e5 Nxb3 21. axb3 Nd7 22. Kh2 Nc5 23. Ne4 Nxb3 24. Rxc8 Qxc8 25. exd6 exd6 26. Nxd6 Qd7 27. Nc4 Nd4 28. Ne5 Qxd5 29. Qf2 Rd8 30. Kh1 Qe4 31. Bh4 Rd5 32. Ng4 Ne6 33. Rxd5 Qxd5 34. Nf6+ Bxf6 35. Bxf6 Qe4 36. Be5 f6 37. Bd6 Qd4 38. Qxd4 Nxd4 39. Kg1 Kf7 40. Kf2 Ke6 0-1

[Event "Berdsk Maestro op 16th"]
[Site "Berdsk"]
[Date "2010.07.09"]
[Round "2"]
[White "Kezin, Roman"]
[Black "Gerasimov, Nikolai"]
[Result "1-0"]
[WhiteElo "2292"]
[BlackElo "1877"]
[PlyCount "91"]
[EventDate "2010.07.08"]
[EventType "swiss"]
[EventRounds "9"]
[EventCountry "RUS"]
[SourceTitle "EXT 2011"]
[Source "ChessBase"]
[SourceDate "2010.11.26"]
[SourceVersion "1"]
[SourceVersionDate "2010.11.26"]
[SourceQuality "1"]

1. d4 Nf6 2. c4 g6 3. Nc3 Bg7 4. e4 d6 5. Nf3 0-0 6. h3 e5 7. d5 Nbd7 8. Bg5 h6 9. Be3 Qe7 10. Nd2 c5 11. Be2 a6 12. a3 Ne8 13. g4 Rb8 14. b4 b6 15. h4 Nc7 16. Nb3 Re8 17. h5 g5 18. bxc5 Nxc5 19. Nxc5 bxc5 20. 0-0 Bd7 21. Rb1 Qf8 22. Qd2 Bf6 23. f3 Rec8 24. Rfc1 Qe8 25. Qc2 Rxb1 26. Rxb1 Rb8 27. Rb3 Qc8 28. Qb2 Rxb3 29. Qxb3 Na8 30. Bd2 Bd8 31. Na4 Qc7 32. Bd1 Nb6 33. Nb2 Na8 34. Kf2 Kf8 35. Ke2 Ke7 36. Bc2 Qb6 37. Qxb6 Nxb6 38. Ba5 Nc8 39. Bxd8+ Kxd8 40. Ba4 Bxa4 41. Nxa4 Kc7 42. Kd3 Nb6 43. Nb2 Nd7 44. Nd1 f5 45. exf5 Nf6 46. Nc3 1-0

[Event "Cheliabinsk Sveshnikov 60 op"]
[Site "Cheliabinsk"]
[Date "2010.03.03"]
[Round "8"]
[White "Inyakin, Gennady"]
[Black "Gerasimov, Nikolai"]
[Result "1-0"]
[WhiteElo "1768"]
[BlackElo "1596"]
[PlyCount "25"]
[EventDate "2010.02.24"]
[EventType "swiss"]
[EventRounds "9"]
[EventCountry "RUS"]
[SourceTitle "EXT 2012"]
[Source "ChessBase"]
[SourceDate "2011.11.24"]
[SourceVersion "1"]
[SourceVersionDate "2011.11.24"]
[SourceQuality "1"]

1. e4 e5 2. c4 Nf6 3. Nc3 Bc5 4. Nd5 c6 5. Nc3 d5 6. Qc2 0-0 7. d3 d4 8. Nce2 Re8 9. f4 Nbd7 10. Nf3 g6 11. g3 Nb6 12. Bg2 Kg7 13. Nxe5 1-0

[Event "Cheliabinsk We Remember"]
[Site "Cheliabinsk"]
[Date "2009.06.21"]
[Round "?"]
[White "Galiullin, Zif"]
[Black "Gerasimov, Nikolai"]
[Result "1-0"]
[WhiteElo "1890"]
[BlackElo "1635"]
[PlyCount "57"]
[EventDate "2009.06.21"]
[EventType "tourn"]
[EventRounds "11"]
[EventCountry "RUS"]
[SourceTitle "EXT 2022"]
[Source "ChessBase"]
[SourceDate "2021.10.06"]
[SourceVersion "1"]
[SourceVersionDate "2021.10.06"]
[SourceQuality "1"]

1. d4 e6 2. e4 c5 3. Nf3 a6 4. c3 Nf6 5. e5 Nd5 6. Bd3 Be7 7. 0-0 cxd4 8. cxd4 Nb4 9. Be4 d5 10. exd6 Qxd6 11. Nc3 0-0 12. Re1 f5 13. Bb1 b5 14. a3 Nd5 15. Ne2 Bb7 16. Ba2 Kh8 17. Bd2 Nc6 18. Nc3 Nd8 19. Nxd5 Bxd5 20. Bb4 Bxf3 21. Qxf3 Qc7 22. Bxe7 Qxe7 23. Qxa8 Qf6 24. Re5 Kg8 25. Qxa6 h6 26. Rae1 Qg5 27. d5 exd5 28. Bxd5+ Kh8 29. Qxb5 1-0

[Event "Cheliabinsk We Remember"]
[Site "Cheliabinsk"]
[Date "2009.06.21"]
[Round "?"]
[White "Gerasimov, Nikolai"]
[Black "Zorin, Yuri"]
[Result "0-1"]
[WhiteElo "1635"]
[BlackElo "1844"]
[PlyCount "68"]
[EventDate "2009.06.21"]
[EventType "tourn"]
[EventRounds "11"]
[EventCountry "RUS"]
[SourceTitle "EXT 2022"]
[Source "ChessBase"]
[SourceDate "2021.10.06"]
[SourceVersion "1"]
[SourceVersionDate "2021.10.06"]
[SourceQuality "1"]

1. Nf3 f5 2. b3 Nf6 3. Bb2 e6 4. e3 d5 5. d3 Bd6 6. Nbd2 0-0 7. Qe2 Qe7 8. h4 Nbd7 9. h5 e5 10. h6 g6 11. 0-0-0 Ba3 12. Nb1 Bxb2+ 13. Kxb2 c6 14. Nfd2 a5 15. a4 b5 16. axb5 cxb5 17. d4 b4 18. Qb5 a4 19. Qc6 a3+ 20. Ka2 Rb8 21. Rc1 Bb7 22. Qb5 Rfc8 23. Qe2 Ne4 24. Nxe4 fxe4 25. c4 Ba6 26. Nd2 Nb6 27. Qd1 dxc4 28. Nxc4 Nxc4 29. Rc2 Nb2 30. Qc1 Nd3 31. Qd1 Rxc2+ 32. Qxc2 Rc8 33. Qd2 Nc1+ 34. Kb1 a2+ 0-1

[Event "Cheliabinsk We Remember"]
[Site "Cheliabinsk"]
[Date "2009.06.21"]
[Round "?"]
[White "Inyakin, Gennady"]
[Black "Gerasimov, Nikolai"]
[Result "1-0"]
[WhiteElo "1726"]
[BlackElo "1635"]
[PlyCount "43"]
[EventDate "2009.06.21"]
[EventType "tourn"]
[EventRounds "11"]
[EventCountry "RUS"]
[SourceTitle "EXT 2022"]
[Source "ChessBase"]
[SourceDate "2021.10.06"]
[SourceVersion "1"]
[SourceVersionDate "2021.10.06"]
[SourceQuality "1"]

1. e4 c5 2. Nc3 a6 3. a4 e6 4. g3 Nc6 5. Bg2 Nf6 6. Nge2 Be7 7. d3 b6 8. e5 Ng4 9. f4 Nh6 10. d4 cxd4 11. Nxd4 Bb7 12. Nxc6 Bxc6 13. Bxc6 dxc6 14. Qf3 Nf5 15. Qxc6+ Kf8 16. Bd2 Rc8 17. Qe4 Bc5 18. 0-0-0 Ne7 19. b4 Qd4 20. bxc5 Qxe4 21. Nxe4 bxc5 22. Nd6 1-0

[Event "Cheliabinsk Cup 7th"]
[Site "Cheliabinsk"]
[Date "2009.??.??"]
[Round "?"]
[White "Gerasimov, Nikolai"]
[Black "Perezolov, Gerald"]
[Result "0-1"]
[WhiteElo "1635"]
[BlackElo "2071"]
[PlyCount "64"]
[EventDate "2009.??.??"]
[EventType "swiss"]
[EventRounds "9"]
[EventCountry "RUS"]
[SourceTitle "EXT 2012"]
[Source "ChessBase"]
[SourceDate "2011.11.24"]
[SourceVersion "1"]
[SourceVersionDate "2011.11.24"]
[SourceQuality "1"]

1. e4 e6 2. f4 d5 3. e5 c5 4. Nf3 Nc6 5. Bb5 Bd7 6. 0-0 Nxe5 7. Bxd7+ Nxd7 8. Nc3 Ngf6 9. d3 Be7 10. a4 0-0 11. b3 a6 12. Bb2 Qc7 13. Qd2 Bd6 14. Ne2 Rac8 15. Rac1 b5 16. axb5 axb5 17. d4 c4 18. Ne5 Ne4 19. Qe3 c3 20. Ba1 b4 21. Ng3 Ndf6 22. Nd3 Nd2 23. Rfd1 Qe7 24. h3 Qc7 25. Ne5 Nfe4 26. Nxe4 Nxe4 27. Rf1 Ra8 28. Nd3 Ra2 29. f5 exf5 30. Rxf5 Rfa8 31. Rff1 Bh2+ 32. Kh1 Ng3+ 0-1